000 00343 a2200157 4500
001 62309
020 _a9788576751731
040 _cAnchieta - Pituba
100 _aPini, Mari
240 1 0 _aSelene e a pedra da lua
_lpor
245 1 0 _aSelene e a pedra da lua
300 _a68
362 0 _a2007
650 4 _aLiteratura juvenil
942 _cBK
999 _c62309
_d62309